000 00965nam a22002537a 4500
005 20170124103019.0
010 _a710822
020 _c12.50
035 _a710822
037 _bCen Lib/Ret
040 _aDPL
_bHN
082 _a
_bसत्यपा
100 _aसत्यपल विद्यालंकार
_944174
245 _aजुआरी /
_cसत्यपल विद्यालंकार
246 _aJuaari /
_bby Satypal Vidyalankar
260 _aदिल्ली
_bआत्माराम एंड संस
_c1973
270 _aकश्मीरी गेट
_bदिल्ली
_e110006
300 _a154पृ.
_c20सेमी (सजिल्द)
650 _aहिन्दी -- साहित्य
_959993
650 _aहिन्दी -- उपन्यास
_959994
650 _aHindi -- Literature
_959995
650 _aHindi -- Fiction
_927248
942 _2ddc
_cHN
_h
_mसत्यपा
999 _c115123
_d115123